Текст томруулах:    
Ecologic architecture (Бичлэгийн дугаар. 145147)
000 -УДИРДЛАГА
Удирдлага 00869nam a22002897a 4500
003 - ХЯНАЛТЫН ТОО ТОДОРХОЙЛОГЧ
Код MN-UlNUM
005 - БИЧИЛТ ХИЙСЭН ОГНОО
Тухайн бичилтийг бичсэн засварласан сүүлийн огноо 20251030144457.0
008 - ЕРӨНХИЙ МЭДЭЭЛЭЛ
Ерөнхий мэдээлэл 251030b1992 maua|||b |||| 001 0 eng d
020 ## - ISBN
ISBN 0750691719
040 ## - БИЧЛЭГ ҮҮСГЭГЧ БАЙГУУЛЛАГА
Бичлэг үүсгэгч номын сангийн код МУИС-ийн номын сан
084 ## - ББК АНГИЛАЛ
Нэмэлт тусгалт Сургалтын гарын авлага
ББК ангилал 85.11
Зохиогчийн гурван тэмдэгт R 53
Мэдлэгийн ялгаа 72 - Шинжлэх ухаан
100 1# - ЗОХИОГЧ
Зохиогчийн нэр Crowther, Richard L.
245 10 - ҮНДСЭН ГАРЧИГ
Номын нэр Ecologic architecture
Оролцогчдын тухай мэдээ Richard L. Crowther.
260 ## - ГАРАЛТЫН МЭДЭЭ
Хэвлэгдсэн газар Boston :
Хэвлэлийн газар Butterworth Architecture,
Хэвлэгдсэн он 1992.
300 ## - МАТЕРИАЛЫН ТОДОРХОЙЛОЛТ
хуудасны тоо ix, 303 p. :
Бусад тоон мэдээлэл ill. ;
Хэмжээ 26 cm.
500 ## - Тайлбар
Дансны дугаар БС 1632
546 ## - ХЭЛНИЙ ТУХАЙ МЭДЭЭ
Хэл Англи хэл дээр,
653 ## - Түлхүүр үг
Түлхүүр үг Architecture
653 ## - Түлхүүр үг
Түлхүүр үг Environmental aspects
653 ## - Түлхүүр үг
Түлхүүр үг Organic architecture
740 ## - НОМЫН ГАРЧИГ
Гарчиг Necessity of ecologic design
740 ## - НОМЫН ГАРЧИГ
Гарчиг Ecologic design concepts, strategies, and process
740 ## - НОМЫН ГАРЧИГ
Гарчиг Holistic ecologic architecture/case studies
740 ## - НОМЫН ГАРЧИГ
Гарчиг Ecologic design guidelines
942 ## - ЭЛЕМЕНТИЙН ТӨРӨЛ
Зүйлийн төрөл Ном